000 00461nam a2200145Ia 4500
008 220214s9999 xx 000 0 und d
022 _a0126-9569
245 0 _aJurnal Sains Pusat penyelikikan Getah Malaysia
260 _bRubber Research Institute of Malaysia, Kuala Lumpur
_aMalaysia
310 _a2y
500 _aEnding Volume & Year: 6, 1982
500 _aMissing Volume: 1(1);2(2);3(2)4(2);5(2)
500 _aStarting Volume & Year: 1, 1977
942 _cBJ
999 _c8833
_d8833